Foundations of materials science and engineering (Record no. 397095)

MARC details
000 -LEADER
fixed length control field 00618 a2200229 4500
005 - DATE & TIME
control field 20260406152008.0
008 - FIXED-LENGTH DATA ELEMENTS--GENERAL INFORMATION
fixed length control field 260406b |||||||| |||| 00| 0 eng d
020 ## - ISBN
International Standard Book Number 9789355322173
Price Rs. 1115.00
040 ## - CATALOGING SOURCE
Original cataloging agency VIVEKANANDA LIBRARY
082 ## - DDC NUMBER
Classification number 620.11
Book Number S68F(6)
100 ## - MAIN ENTRY--PERSONAL NAME
Personal name Smith, William F
245 ## - TITLE STATEMENT
Title Foundations of materials science and engineering
250 ## - EDITION STATEMENT
Edition statement 6th
260 ## - PUBLICATION, DISTRIBUTION, ETC. (IMPRINT)
Name of publisher, distributor, etc McGraw Hill
Place of publication, distribution, etc Chennai
Date of publication, distribution, etc 2022
300 ## - PHYSICAL DESCRIPTION
Pages xviii, 1084
650 ## - Subject
Subject Engineering
650 ## - Subject
Subject Engineering Materials
650 ## - Subject
Subject Materials Science
700 ## - Added Entry Personal Name
Added Entry Personal Name Hashemi, Javad
700 ## - Added Entry Personal Name
Added Entry Personal Name Moreno, Francisco Presuel
942 ## - ADDED ENTRY ELEMENTS (KOHA)
Koha item type Books
Holdings
Withdrawn status Lost status Source of classification or shelving scheme Damaged status Not for loan Location (home branch) Sublocation or collection (holding branch) Shelving location Date acquired Koha issues (times borrowed) Koha full call number Accession No. Koha date last seen Koha item type
    Dewey Decimal Classification     VIVEKANANDA LIBRARY VIVEKANANDA LIBRARY UIET Library 24/03/2026   620.11 S68F(6) 431175 24/03/2026 Books
    Dewey Decimal Classification     VIVEKANANDA LIBRARY VIVEKANANDA LIBRARY UIET Library 24/03/2026   620.11 S68F(6) 431174 24/03/2026 Books
    Dewey Decimal Classification     VIVEKANANDA LIBRARY VIVEKANANDA LIBRARY UIET Library 24/03/2026   620.11 S68F(6) 431176 24/03/2026 Books
    Dewey Decimal Classification     VIVEKANANDA LIBRARY VIVEKANANDA LIBRARY UIET Library 24/03/2026   620.11 S68F(6) 431173 24/03/2026 Books
© Designed and Maintained by Vivekananda Library, MDU Rohtak